Encyclopédie de l'électricité; T1

Gespeichert in:
Bibliographische Detailangaben
Format: Buch
Sprache:Undetermined
Veröffentlicht: Paris Larousse 1969
Schlagworte:
Tags: Tag hinzufügen
Keine Tags, Fügen Sie den ersten Tag hinzu!
Thư viện lưu trữ: Trung tâm Học liệu Trường Đại học Cần Thơ
LEADER 00447nam a2200157Ia 4500
001 CTU_26573
008 210402s9999 xx 000 0 und d
082 |a 621.303 
082 |b E56/T1 
245 0 |a Encyclopédie de l'électricité; T1 
260 |a Paris 
260 |b Larousse 
260 |c 1969 
650 |a electric engineering,technology - dictionaries 
904 |i Minh, 981014 
980 |a Trung tâm Học liệu Trường Đại học Cần Thơ